| 000 | 00508nam a2200181Ia 4500 | ||
|---|---|---|---|
| 003 | GCL | ||
| 008 | 140319s9999 xx 000 0 eng d | ||
| 040 |
_aGCL / _cGCL |
||
| 082 | 0 | 4 |
_a741.6 _bP D |
| 100 | 1 | _aPIPES, ALAN | |
| 245 | 1 | 0 |
_aDRAWING FOR 3-DIMENSIONAL DESIGN: CONCEPTS ILLUSTRATION PRESENTATION / _cPIPES, ALAN |
| 260 |
_a[S.N] : _bTHAMES AND HUDSON ، _c1990 |
||
| 300 | _a176 | ||
| 650 | 0 | 4 | _aILLUSTRATIONS |
| 650 | 0 | 4 | _aGRAPHIC - DESIGN |
| 650 | 0 | 4 | _a3 - DIMENSIONAL DESIGN |
| 942 |
_2ddc _cBK |
||
| 999 |
_c24391 _d24391 |
||